Privatisation and Financial Deregulation in Pakistan/ (Record no. 36391)

MARC details
000 -LEADER
fixed length control field 00425nam a22001337a 4500
005 - DATE AND TIME OF LATEST TRANSACTION
control field 20240813100510.0
008 - FIXED-LENGTH DATA ELEMENTS--GENERAL INFORMATION
fixed length control field 240813b |||||||| |||| 00| 0 eng d
082 ## - DEWEY DECIMAL CLASSIFICATION NUMBER
Classification number 332.1095
Item number PRI
245 ## - TITLE STATEMENT
Title Privatisation and Financial Deregulation in Pakistan/
Statement of responsibility, etc. The Institute of Bankers in Pakistan
260 ## - PUBLICATION, DISTRIBUTION, ETC.
Place of Publication Karachi, Pakistan;
Name of publisher, distributor, etc. The Institute of Bankers in Pakistan
Date of publication, distribution, etc. 1993
300 ## - PHYSICAL DESCRIPTION
Pages 122 p.:
300 ## - PHYSICAL DESCRIPTION
-- 21.5 cm.

No items available.

Powered by Koha